تعصب نہ کہ تنقيد (Record no. 176164)

MARC details
000 -LEADER
fixed length control field 00658nam a22001937a 4500
005 - DATE AND TIME OF LATEST TRANSACTION
control field 20201123143505.0
010 ## - LCCN (DPL NO)
LC control number UR-10937
020 ## - INTERNATIONAL STANDARD BOOK NUMBER
Terms of availability 200.00
International Standard Book Number 9789390100088
035 ## - SYSTEM CONTROL NUMBER
System control number U-9492
037 ## - SOURCE OF ACQUISITION
Source of stock number/acquisition DBAD/PUB
082 ## - DEWEY DECIMAL CLASSIFICATION NUMBER
Classification number 844.08
100 ## - MAIN ENTRY--PERSONAL NAME
Personal name محمد ا ختر
245 ## - TITLE STATEMENT
Title تعصب نہ کہ تنقيد
Statement of responsibility, etc محمد ا ختر
246 ## - VARYING FORM OF TITLE
Remainder of title Ta'assub Na Ki Tanqeed (Urdu)
Title proper/short title by Dr. Mohd. Akhtar
260 ## - PUBLICATION, DISTRIBUTION, ETC. (IMPRINT)
Place of publication, distribution, etc N.Delhi
Name of publisher, distributor, etc Educational Publishing House
Date of publication, distribution, etc 2019 ء
270 ## - ADDRESS
Address H.O.D1/16,Ansari Road,Darya ganj,
City N.Delhi
Postal code 110002
Telephone number 45678285,23216162
Fax number 0091-11-23211540
300 ## - PHYSICAL DESCRIPTION
Extent 310 ص
Dimensions 22 Cm(Hb)
942 ## - ADDED ENTRY ELEMENTS (KOHA)
Source of classification or shelving scheme Dewey Decimal Classification
Item type Urdu Bks
Classification part 844.08
Call number suffix م ح م
Holdings
Withdrawn status Lost status Not for loan Collection code Home library Current library Date acquired Source of acquisition Cost, normal purchase price Full call number Barcode Copy number Cost, replacement price Koha item type
      Non-fiction D.B.Act.Division D.B.Act.Division 23/11/2020 DBAD/PUB 300.00 844.08 م ح م U-9492 1 300.00 Urdu Bks

© Delhi Public Library
Hit Counter
free hit counter